Experiencias significativas : una metodología para la enseñanza y el aprendizaje de la comunicación en las organizaciones /

Detalles Bibliográficos
Autores principales: Cataño Otálora, Mónica Marión (Autor), Casarán, Óscar Mauricio (Autor)
Formato: Electrónico eBook
Lenguaje:español
Publicado: Santiago de Cali : Pontificia Universidad Javeriana Cali, 2025.
Materias:
Acceso en línea:Digitalia Hispánica

MARC

LEADER 00000nam a2200000Ii 4500
001 DIGEPUJ0510
003 NyNyDIG
006 m o d
007 cr |||||||||||
008 260205s2025 ck ob 000 0 spa d
035 |a (OCoLC)1573182293 
040 |a DGITA  |b eng  |e rda  |e pn  |c DGITA 
020 |a 9786287709720  |q eBook 
020 |z 9786287709713 
024 7 |a https://doi.org/10.71151/JaverianaCali.9786287709713  |2 doi 
050 1 4 |a HD30.3 ebook 
245 0 0 |a Experiencias significativas :  |b una metodología para la enseñanza y el aprendizaje de la comunicación en las organizaciones /  |c autoras, Mónica Marión Cataño Otálora [and 3 others] ; coautores, Óscar Mauricio Casarán [and 4 others]. 
264 1 |a Santiago de Cali :  |b Pontificia Universidad Javeriana Cali,  |c 2025. 
300 |a 1 online resource. 
336 |a text  |b txt  |2 rdacontent 
337 |a computer  |b c  |2 rdamedia 
338 |a online resource  |b cr  |2 rdacarrier 
347 |a text file  |2 rdaft 
347 |b PDF 
504 |a Includes bibliographical references. 
588 0 |a Online resource; title from PDF title page (Digitalia, viewed February 5, 2026) 
650 0 |a Communication in organizations. 
650 0 |a Communication in management. 
700 1 |a Cataño Otálora, Mónica Marión,  |e author. 
700 1 |a Casarán, Óscar Mauricio,  |e author. 
791 2 |a Digitalia (Firm),  |e distributor. 
793 0 |g Digitalia eBook Collection:  |a Pontificia Universidad Javeriana 
776 0 8 |i Print version:  |t Experiencias significativas.  |d Santiago de Cali : Pontificia Universidad Javeriana Cali, 2025  |z 9786287709713 
856 4 0 |3 Digitalia Hispánica  |u https://www.digitaliapublishing.com/a/183145/ 
910 |a Premium collection: 2026